00994cam a22002411 4500001001300000003000400013005001700017008004100034010001700075035002000092040004300112042001200155043001100167050002200178110004900200245028700249260008500536300002200621500002800643650002700671710003700698999001700735pa 58000023 DLC20260227111854.0910607s1957 dcu 000 0 spa c apa 58000023  a(OCoLC)23898439 aPan American Union. Library.cTxUdDLC apremarc an-----00aKDZ351b.P36 19572 aPan American Union.bGeneral Legal Division.10aAntecedentes informativos sobre la labor desarrollada por la Organización de los Estados Americanos en relación con el derecho del mar.cDocumento preparado [por la División Jurídica] para la Conferencia de las Naciones Unidas sobre el Derecho del Mar, Ginebra, Suiza, 1958. aWáshington,bDepartamento de Asuntos Jurídicos, Unión Panamericana,c1957. avi, 48 p.c28 cm. aIssued also in English. 0aMaritime lawzAmerica.2 aOrganization of American States. c51359d51359